Normal view
MARC view
- Goodlad, Sinclair
Entry Personal Name
001 - CONTROL NUMBER
- control field: 96283
003 - CONTROL NUMBER IDENTIFIER
- control field: NUST
005 - DATE AND TIME OF LATEST TRANSACTION
- control field: 20220802131053.0
008 - FIXED-LENGTH DATA ELEMENTS
- fixed length control field: 220802|| aca||aabn | a|a d
040 ## - CATALOGING SOURCE
- Original cataloging agency: NUST
- Transcribing agency: NUST
100 ## - HEADING--PERSONAL NAME
- Personal name: Goodlad, Sinclair
670 ## - SOURCE DATA FOUND
- Source citation: Work cat.: (NUST)175470: Goodlad, Sinclair., Speaking Technically :, c1996.
